Score 0/15 Timer 04:00
7 Plays Today
Food % Correct
Lemon
99.4%
Chocolate
99%
Cupcake
98.7%
Eggs
98.6%
Bananas
98.4%
Pepperoni pizza
97.9%
Olives
97.8%
Sugar cubes
96.4%
Food % Correct
Macaroni and cheese
95.9%
Garlic
95.1%
Avocados
94.2%
Raspberries
92.7%
Coffee bean
89.5%
Carrots
85.7%
Papaya
61.9%

You're not logged in!

Compare scores with friends on all Sporcle quizzes.
OR
Log In

Sporcle TV

Today on Sporcle TV


Watch our educational content, quiz creation guides, and fun videos on Sporcle TV.

Show Comments

Extras

Top Quizzes Today


Score Distribution

Paid Content

Your Account Isn't Verified!

In order to create a playlist on Sporcle, you need to verify the email address you used during registration. Go to your Sporcle Settings to finish the process.

Report this User

Report this user for behavior that violates our Community Guidelines.

Details: